Slovenská záručná banka podporila za tri roky 1500 projektov

Hlavné oblasti činnosti Slovenskej záručnej banky (SZB), štátneho peňažného ústavu, zriadeného MF SR 1.9.1991 na podporu malého a stredného podnikania poskytovaním záruk za úvery a nenávratných finančných príspevkov. Podmienky poskytnutia záruky. Podporné programy SZB. Konzultácie a poradenstvo.

Saved in:
Bibliographic Details
Main Author: Kovalčík, J.
Format: Book Chapter
Language:Slovak
Subjects:
Tags: Add Tag
No Tags, Be the first to tag this record!

MARC

LEADER 00000naa a2200000 4500
001 r017080
005 20221213101053.2
041 0 |a slo 
044 |a SK 
245 1 0 |a Slovenská záručná banka podporila za tri roky 1500 projektov  |c J. Kovalčík 
520 |a Hlavné oblasti činnosti Slovenskej záručnej banky (SZB), štátneho peňažného ústavu, zriadeného MF SR 1.9.1991 na podporu malého a stredného podnikania poskytovaním záruk za úvery a nenávratných finančných príspevkov. Podmienky poskytnutia záruky. Podporné programy SZB. Konzultácie a poradenstvo. 
610 2 0 |a podnikanie 
610 2 0 |a podpora podnikania 
610 2 0 |a záruka 
610 2 0 |a Slovensko 
610 2 0 |a Slovenská záručná banka, š.p.ú. Bratislava 
610 2 0 |a úver bankový 
610 2 0 |a banky obchodné 
610 2 0 |a konzultanti 
610 2 0 |a poradenstvo 
100 1 |a Kovalčík, J.